| 000 | 00999nam a2200265 a 4500 | ||
|---|---|---|---|
| 001 | BRCA_4097 | ||
| 005 | 20190320204539.0 | ||
| 008 | 910703s2009 mx-ab####b---#001-0#spa-# | ||
| 020 | _a9786079533809 | ||
| 041 | _aspa | ||
| 044 | _amx | ||
| 050 | 4 |
_aF1215 _b.G35 2009 |
|
| 100 | 1 |
_aGallop, Rodney _d1901-1948. _910613 |
|
| 245 | 1 | 0 |
_aMosaico mexicano _btradición y folklore = Mexican Mosaic : Folklore and Tradition _cpor Rodney Gallop ; traducción de José Treviño Botti. |
| 260 |
_aMéxico _bFundación E. Arocena _c2009 |
||
| 300 |
_a299 p. _bil. _c21 cm. |
||
| 500 | _aIncluye glosario de términos españoles, mexicanos e indígenas e índice general | ||
| 546 | _aTexto en español e inglés | ||
| 650 | 1 | 4 |
_aIndígenas de México _xVida social y costumbres _910614 |
| 651 | 4 |
_aMéxico _xDescripción y viajes _9103 |
|
| 651 | 4 |
_aMéxico _xVida social y costumbres _9769 |
|
| 700 | 1 |
_aTreviño Botti, José _910615 |
|
| 740 | 0 | _aMexican Mosaic : Folklore and Tradition | |
| 942 |
_2lcc _cB |
||
| 999 |
_c3818 _d3818 |
||